Defending suspects at police stations : (Record no. 5176)
[ view plain ]
| 000 -LEADER | |
|---|---|
| fixed length control field | 00826nam a22002057a 4500 |
| 008 - FIXED-LENGTH DATA ELEMENTS--GENERAL INFORMATION | |
| fixed length control field | 120915t xxu||||| |||| 00| 0 eng d |
| 020 ## - INTERNATIONAL STANDARD BOOK NUMBER | |
| International Standard Book Number | 9-7819-0330-7449 |
| 082 ## - DEWEY DECIMAL CLASSIFICATION NUMBER | |
| Edition number | 22 ed. |
| Classification number | 345.4205602638 |
| Item number | CAP |
| 100 ## - MAIN ENTRY--PERSONAL NAME | |
| Personal name | Cape, Ed |
| 9 (RLIN) | 6640 |
| 245 ## - TITLE STATEMENT | |
| Title | Defending suspects at police stations : |
| Remainder of title | he practioner's guide to advice and representation / |
| Statement of responsibility, etc | Ed Cape |
| 250 ## - EDITION STATEMENT | |
| Edition statement | 5 ed. |
| 260 ## - PUBLICATION, DISTRIBUTION, ETC. (IMPRINT) | |
| Place of publication, distribution, etc | Great Britain : |
| Name of publisher, distributor, etc | LAG Education and service Trust ltd. |
| Date of publication, distribution, etc | 2006 |
| 300 ## - PHYSICAL DESCRIPTION | |
| Extent | xlix. ; 986 p. : |
| Dimensions | 24 cm. |
| 500 ## - GENERAL NOTE | |
| General note | Includes Index |
| 650 ## - SUBJECT ADDED ENTRY--TOPICAL TERM | |
| Topical term or geographic name as entry element | Law |
| 9 (RLIN) | 5605 |
| 650 ## - SUBJECT ADDED ENTRY--TOPICAL TERM | |
| Topical term or geographic name as entry element | Defending suspects at police stations |
| 9 (RLIN) | 6641 |
| 700 ## - ADDED ENTRY--PERSONAL NAME | |
| Personal name | Lugmani, Jawald |
| 9 (RLIN) | 6642 |
| 942 ## - ADDED ENTRY ELEMENTS (KOHA) | |
| Source of classification or shelving scheme | Dewey Decimal Classification |
| Item type | Books |
| Withdrawn status | Lost status | Source of classification or shelving scheme | Damaged status | Not for loan | Home library | Current library | Date acquired | Total Checkouts | Full call number | Barcode | Date last seen | Copy number | Price effective from | Koha item type | Public note |
|---|---|---|---|---|---|---|---|---|---|---|---|---|---|---|---|
| Dewey Decimal Classification | Archives | Archives | 09/15/2012 | 345.4205602638 CAP | 3929/2012 | 09/15/2012 | 1 | 09/15/2012 | Books | Reserve book |
